| 000 | 01552nam a22002297a 4500 | ||
|---|---|---|---|
| 999 |
_c62407 _d62407 |
||
| 003 | Ge_BSU | ||
| 005 | 20241023120526.0 | ||
| 008 | 241023s2024 ge ||||| |||| 00| 0 geo d | ||
| 020 | _a9789941867910 | ||
| 041 | _ageo | ||
| 080 | _a63:57(479.22) დ-45 | ||
| 100 |
_aდიდებულიძე, ალექსანდრე _923498 |
||
| 245 |
_aაგრობიოლოგიური მეცნიერებისა და ტექნოლოგიების კომერციალიზაცია : _bსაქართველოს პერსპექტივები : [მონოგრაფია] / _cალექსანდრე დიდებულებიძე, თინათინ სადუნიშვილი ; რედაქტორი გიორგი კვესიტაძე ; საქართველოს მეცნიერებათა ეროვნული აკადემია. |
||
| 264 |
_aთბილისი, _c2024. |
||
| 300 |
_a302 გვ. : _bნახ., ცხრ. ; _c25 სმ |
||
| 653 | _aაგრობიოლოგია | ||
| 700 |
_aსადუნიშვილი, თინათინ _eავტორი _923499 |
||
| 700 |
_aკვესიტაძე, გიორგი _eრედაქტორი _923500 |
||
| 710 |
_aსაქართველოს მეცნიერებათა ეროვნული აკადემია. _923501 |
||
| 773 | _tნაჩუქარი | ||
| 942 |
_2udc _cᲬᲘᲒᲜᲘ |
||